000
00386nam a2200133Ia 4500
008
100328s9999 xx 000 0 und d
082
_b
6849
100
_a
दत्त प्रफुल्ल
245
_a
तो दिवस
260
_b
ओरिएन्ट लौंगर्मेन्स
630
_a
तो दिवस
730
_a
तो दिवस
942
_c
BOOK
999
_c
502713
_d
502710